00687nam a2200241 a 4500001001300000003000900013005001700022008004100039020000900080082001300089100002600102245005000128260004400178300000900222500003500231505001200266650000800278700002600286902000800312942000700320952010300327999001500430nice12345678IN_TiNIC20260116011421.0050524s1920 newa grp 000 0 eng  ac3200a211bPRI aPringle-Pattison, A S aIdea of God in the Light of Recent Philosophy aNew YorkbOxford University Pressc1920 a443p aincludes index and biblioraphy2 aIndexes aGod1 aPringle-Pattison, A S bSRS cBK 00104070aHMIbHMId2007-06-14g32.00l1o211 PRIp1329r2022-09-14s2022-09-06w2026-01-16yEB c1350d1350